Paroles "L'histoire de la vie" - Le roi lion (Disney) - Statistiques

Statistiques générales
  • Ce quiz a été pris 7 538 fois
  • Le résultat moyen est 80 sur 104
Statistiques - réponses
Réponse % Correct
la
99%
de
98%
vie
98%
ce
97%
l'histoire
96%
c'est
95%
et
95%
le
93%
éternel
92%
cycle
89%
à
83%
du
79%
enfant
75%
ta
73%
Au
72%
soleil
72%
sur
71%
matin
69%
planète
69%
dieu
68%
par
68%
qui
68%
béni
67%
immortel
67%
tu
67%
des
63%
infinie
61%
l'infini
61%
t'appelle
60%
terre
60%
ébloui
59%
merveilles
59%
choses
58%
savoir
58%
t'attend
58%
auras
57%
pour
57%
tant
57%
voir
57%
aux
55%
rend
54%
ronde
54%
t'éveilles
54%
fond
52%
frontière
52%
qu'un
51%
âges
49%
dans
49%
vient
49%
franchir
48%
l'héritage
48%
d'amour
47%
d'une
47%
chaîne
41%
l'harmonie
41%
recueillir
37%
Aucun quiz correspondant
Distribution des résultats
% des personnes avec chaque résultat
Percentile par nombre de réponses
Votre historique - résultats
Vous n’avez pas pris ce quiz